| 000 | 00638nam a2200205 a 4500 | ||
|---|---|---|---|
| 003 | PILC | ||
| 005 | 20160203122814.0 | ||
| 008 | 100817s19uu xx 00 eng d | ||
| 020 | _a9781845902889 | ||
| 050 |
_aBF 575.L8 _b.Ap652 2009 |
||
| 100 | _aApps, Judy. | ||
| 245 |
_aVoice of influence : _bhow to get people to love to listen to you / _cJudy Apps. |
||
| 260 |
_aUnited Kingdom : _bCrown House Publishingf Limited, _c2009. |
||
| 300 |
_a213 pages : _billustrations ; _c23 cm. |
||
| 500 | _aIncludes index. | ||
| 650 | _aBusiness communication. | ||
| 650 | _aEffective communication. | ||
| 942 |
_cBK _2lcc _kFOR |
||
| 999 |
_c39649 _d39649 |
||